|
|
|
|
| LEADER |
01188nam a2200301 a 4500 |
| 001 |
12847153 |
| 008 |
111221r20042003enka b 001 0 eng d |
| 010 |
|
|
|a 2002026939
|
| 020 |
|
|
|a 041522733X
|
| 020 |
|
|
|a 0415227348 (pbk.)
|
| 040 |
|
|
|a DLC
|c DLC
|d DLC
|d BD-DhAAL
|
| 082 |
0 |
0 |
|a 822.3/3
|2 21
|
| 245 |
0 |
0 |
|a William Shakespeare's Othello :
|b a sourcebook /
|c edited by Andrew Hadfield.
|
| 260 |
|
|
|a London ;
|a New York :
|b Routledge ;
|a Chennai :
|b Taylor & Francis,
|c 2003 [Reprinted 2004]
|
| 300 |
|
|
|a xv, 180 p. :
|b ill. ;
|c 22 cm.
|
| 490 |
1 |
|
|a Routledge literary sourcebooks
|
| 504 |
|
|
|a Includes bibliographical references and index.
|
| 541 |
|
|
|e 00014487
|
| 600 |
1 |
0 |
|a Shakespeare, William,
|d 1564-1616.
|t Othello.
|
| 650 |
|
0 |
|a Othello (Fictitious character)
|
| 650 |
|
0 |
|a Interracial marriage in literature.
|
| 650 |
|
0 |
|a Jealousy in literature.
|
| 650 |
|
0 |
|a Muslims in literature.
|
| 650 |
|
0 |
|a Tragedy.
|
| 700 |
1 |
|
|a Hadfield, Andrew.
|
| 852 |
1 |
|
|a Ayesha Abed Library
|c General shelf.
|
| 999 |
|
|
|c 11693
|d 11693
|
| 952 |
|
|
|0 0
|1 0
|4 0
|6 822_330000000000000_WIL
|7 0
|9 19010
|a BRACUL
|b BRACUL
|c GEN
|d 2011-12-28
|l 5
|m 49
|o 822.33 WIL
|p 3010014487
|r 2025-06-18
|s 2025-02-11
|t 1
|w 2011-12-28
|y BK
|x Available
|